Planos de interaccion del mundo tzotzil / (Record no. 99933)

MARC details
000 -LEADER
fixed length control field 00751cam a2200241 4500
008 - FIXED-LENGTH DATA ELEMENTS--GENERAL INFORMATION
fixed length control field t19901990mx spa
020 ## - INTERNATIONAL STANDARD BOOK NUMBER
International Standard Book Number 9682927846
050 00 - LIBRARY OF CONGRESS CALL NUMBER
Classification number F1221.T9
Item number P74 1990
100 1# - MAIN ENTRY--PERSONAL NAME
Personal name Collier, George
245 10 - TITLE STATEMENT
Title Planos de interaccion del mundo tzotzil /
Statement of responsibility, etc George A. Collier ; tr. Celia Paschero.
260 ## - PUBLICATION, DISTRIBUTION, ETC. (IMPRINT)
Place of publication, distribution, etc México :
Name of publisher, distributor, etc CONACULTA : INI,
Date of publication, distribution, etc 1990
300 ## - PHYSICAL DESCRIPTION
Extent 297 p. ;
Dimensions 21 cm.
440 #0 - SERIES STATEMENT/ADDED ENTRY--TITLE
Title Presencias ;
Volume number/sequential designation no.5
504 ## - BIBLIOGRAPHY, ETC. NOTE
Bibliography, etc Bibliografia: p. 271-293
504 ## - BIBLIOGRAPHY, ETC. NOTE
Bibliography, etc Incluye apendice
650 #4 - SUBJECT ADDED ENTRY--TOPICAL TERM
Topical term or geographic name as entry element Tzotziles
General subdivision Agricultura
650 #4 - SUBJECT ADDED ENTRY--TOPICAL TERM
Topical term or geographic name as entry element Ecologia humana
Geographic subdivision Chiapas (México)
650 #4 - SUBJECT ADDED ENTRY--TOPICAL TERM
Topical term or geographic name as entry element Tzotziles
General subdivision Vida social y costumbres
700 1# - ADDED ENTRY--PERSONAL NAME
Personal name Paschero, Celia, tr.
942 ## - ADDED ENTRY ELEMENTS (KOHA)
Source of classification or shelving scheme Biblioteca del Cogreso de los Estados Unidos
Koha item type Libro

No items available.